عصر بني أمية : (رقم التسجيلة. 22247)
[ عرض عادي ]
| 000 -LEADER | |
|---|---|
| fixed length control field | 00713nam a22002297a 4500 |
| 005 - DATE AND TIME OF LATEST TRANSACTION | |
| control field | 20251108165218.0 |
| 008 - FIXED-LENGTH DATA ELEMENTS--GENERAL INFORMATION | |
| fixed length control field | 250721s1983 xx 000 0 ara d |
| 082 14 - DEWEY DECIMAL CLASSIFICATION NUMBER | |
| Classification number | 818.08/جور |
| 100 1# - MAIN ENTRY--PERSONAL NAME | |
| Personal name | غريب، جورج |
| 245 10 - TITLE STATEMENT | |
| Title | عصر بني أمية : |
| Remainder of title | نماذج نثرية محللة / |
| 250 ## - EDITION STATEMENT | |
| Edition statement | ط4 |
| 264 1# - PRODUCTION, PUBLICATION, DISTRIBUTION, MANUFACTURE, AND COPYRIGHT NOTICE | |
| Place of production, publication, distribution, manufacture | بيروت : |
| Name of producer, publisher, distributor, manufacturer | دار الثقافة، |
| Date of production, publication, distribution, manufacture, or copyright notice | 1983. |
| 300 ## - PHYSICAL DESCRIPTION | |
| Extent | 76ص |
| 490 0# - SERIES STATEMENT | |
| Series statement | سلسلة الموسوعة في الأدب العربي ؛ 18 |
| 650 17 - SUBJECT ADDED ENTRY--TOPICAL TERM | |
| Topical term or geographic name as entry element | الأدب العربي |
| 650 17 - SUBJECT ADDED ENTRY--TOPICAL TERM | |
| Topical term or geographic name as entry element | النثر العربي |
| 650 17 - SUBJECT ADDED ENTRY--TOPICAL TERM | |
| Topical term or geographic name as entry element | التاريخ الأدبي |
| 650 17 - SUBJECT ADDED ENTRY--TOPICAL TERM | |
| Topical term or geographic name as entry element | النقد الأدبي |
| 650 17 - SUBJECT ADDED ENTRY--TOPICAL TERM | |
| Topical term or geographic name as entry element | العصر الأموي |
| 942 ## - ADDED ENTRY ELEMENTS (KOHA) | |
| Source of classification or shelving scheme | Dewey Decimal Classification |
| Koha item type | كتب |
| حالة السحب | حالة الفقدان | مصدر التصنيف | حالة التلف | غير قابل للإعارة | المكتبة الرئيسية | المكتبة الحالية | موقع الرف | تاريخ التزويد | الرقم المتسلسل | Total Checkouts | رقم الإستدعاء | تاريخ آخر ظهور | تاريخ الفاتورة | نوع المادة (كوها) |
|---|---|---|---|---|---|---|---|---|---|---|---|---|---|---|
| Dewey Decimal Classification | Unchecked | مكتبة الجويدة | مكتبة الجويدة | الإعارة | 12/07/2004 | 1565 | 818.08/جور | 28/07/2025 | 12/07/2004 | كتب | ||||
| Dewey Decimal Classification | Unchecked | مكتبة صويلح العامة | مكتبة صويلح العامة | الإعارة | 12/07/2004 | 3989 | 818.08/جور | 28/07/2025 | 12/07/2004 | كتب |